Images for Every Subcategory: Entertainment Quiz Stats

 Plays Quiz Updated Jun 11, 2018

Score 0/14 Timer 06:00
3 Plays Today
Question Answer Wrong Answers
Cartoons
Which of these characters is considered one of the Looney Tunes?
Daffy Duck
87.8%
Goofy
2.1%
Woody Woodpecker
4.6%
Popeye
0.6%
Celebrity
Which of these stars is NOT typically known by a single name?
Lady Gaga
83.8%
Rihanna
3.4%
Adele
3.4%
Madonna
4.4%
Musical
In which musical would you expect to hear 'My Shot?'
Hamilton
72.1%
Les Mis
6%
Sweeney Todd
5.7%
1776
9.9%
Anime
Which of the following images is from Dragon Ball Z?
DBZ
64.4%
Cowboy Bebop
8%
Naruto
19.7%
Fullmetal
3.6%
DC Comics
Which character did NOT appear in the 2017 Justice League film?
Green Lantern
62.1%
Aquaman
14.3%
Flash
10.6%
Wonder Woman
7.3%
Golden Globes
Which performer currently holds the record for most Golden Globes with seven?
Meryl Streep
60.2%
Jack Nicholson
7.9%
Rosalind Russell
6.1%
Tom Hanks
19.6%
Comic Books
Which of these images is taken from the cover of 'Action Comics #1,' often considered the start of the Golden Age of Comics?
Action 1
59%
Detective 27
10.7%
All-Star 8
5.3%
Capn America 1
19.5%
Animation
Which of these movies is the highest grossing animated film of all time (worldwide)?
Frozen
50.8%
Finding Dory
7.9%
The Lion King
14.3%
Toy Story 3
27%
Quote
Who famously said 'I have nothing to offer but blood, toil, tears and sweat?'
Winston Churchill
42.4%
Albert Einstein
2.4%
Gandhi
22.7%
Nelson Mandela
26%
Superhero
Which of these superheroes is NOT a DC OR Marvel property?
Hellboy
40.9%
Raven
14%
Swamp Thing
25.5%
Ghost Rider
12.8%
Show
Which of these shows has run for over 10,000 performances (and counting) on Broadway?
Phantom
39%
Cats
44.1%
A Chorus Line
5.8%
Rent
4.4%
Famous
Which of these four currently hosts The Late Show?
Stephen Colbert
37.3%
James Corden
19.3%
Jimmy Fallon
27.2%
Seth Meyers
10.4%
Broadway
Which of these Broadway shows won the most Tony Awards of all time (at twelve)?
The Producers
35.1%
Hairspray
15%
The Sound of Music
35.7%
South Pacific
9.6%
Marvel
Which of these characters was NOT one of the original X-Men?
Wolverine
24.5%
Cyclops
15.6%
Iceman
40%
Beast
13.7%

You're not logged in!

Compare scores with friends on all Sporcle quizzes.
OR
Log In

Sporcle TV

Today on Sporcle TV


Watch our educational content, quiz creation guides, and fun videos on Sporcle TV.

Show Comments

Extras

Top Quizzes Today


Score Distribution

Your Account Isn't Verified!

In order to create a playlist on Sporcle, you need to verify the email address you used during registration. Go to your Sporcle Settings to finish the process.

Report this User

Report this user for behavior that violates our Community Guidelines.

Details: